Conozcamos nuestras raíces /
Đã lưu trong:
| Tác giả chính: | |
|---|---|
| Tác giả của công ty: | |
| Tác giả khác: | |
| Định dạng: | Texto |
| Được phát hành: |
San José:
Oficina de Publicaciones
|
| Những chủ đề: | |
| Các nhãn: |
Thêm thẻ
Không có thẻ, Là người đầu tiên thẻ bản ghi này!
|
MARC
| LEADER | 00000 a a2200000 04500 | ||
|---|---|---|---|
| 001 | 28135 | ||
| 003 | |||
| 040 | |||
| 090 | |a CIDCACS-CR: 187700 | ||
| 100 | |a Arrea, Floria | ||
| 110 | |a Universidad de Costa Rica. Vicerrectoría de Acción Social. Escuela de Antropología y Sociología. Departamento de Antropología | ||
| 245 | |a Conozcamos nuestras raíces / |c Floria Arrea | ||
| 260 | |a San José: |b Oficina de Publicaciones | ||
| 300 | |a 29 p |b il. |b map. | ||
| 650 | |a HISTORIA | ||
| 650 | |a HISTORIA SOCIAL | ||
| 650 | |a AMERINDIOS | ||
| 650 | |a SITIOS ARQUEOLOGICOS | ||
| 650 | |a ARQUEOLOGIA | ||
| 700 | |a Arias, Ana C. | ||
| 999 | |c 11305 |d 11305 | ||
